| 000 | 00746nam a2200217 a 4500 | ||
|---|---|---|---|
| 001 | 44710 | ||
| 003 | BD-RjUL | ||
| 005 | 20211209053914.0 | ||
| 008 | 180507s2016 bg a|||| |||| 00| 0 eng d | ||
| 020 |
_a9789845190480 _c: Complimentary |
||
| 035 | _a(BD-RjUL)44828 | ||
| 040 |
_aBD-RjUL _beng _cBD-RjUL _dBD-RjUL |
||
| 041 | _aeng | ||
| 082 |
_223 _aRA 330.954922021 _bNAR 2016 |
||
| 110 | 1 |
_aBangladesh Bureau of Statistics (BBS) _9221327 |
|
| 245 | 1 | 0 |
_aEconomic Census 2013, District Report: _bNarayanganj / _cBangladesh Bureau of Statistics (BBS) |
| 260 |
_aDhaka: _bBBS, _c2016 |
||
| 300 |
_axviii, 539 p. : _bIll. ; _c28 cm. |
||
| 650 |
_aBangladesh _zNarayanganj _xEconomic conditions _y21st century _vStatistics _9221328 |
||
| 942 |
_2ddc _cRAR |
||
| 999 |
_c44710 _d44710 |
||